| 000 | 00649nam a22002057a 4500 | ||
|---|---|---|---|
| 999 |
_c152840 _d152840 |
||
| 005 | 20181116113210.0 | ||
| 010 | _aENG-123252 | ||
| 020 |
_a9789352534111 _c495.00 |
||
| 035 | _aEN-106784 | ||
| 037 | _bDBAD/PUB | ||
| 082 | _a590 | ||
| 100 | _aAgarwal, V K | ||
| 245 |
_aZoology for degree student/ _cby V K Agarwal _bnon-chordates II, cell biology |
||
| 260 |
_aNew Delhi _bS. Chand _c2018 |
||
| 270 |
_a7361, Ram Nagar, _bNew Delhi _e110055 |
||
| 300 |
_a931p. _c23cm(pbk) _bill. |
||
| 500 | _ait includes index | ||
| 500 | _aBSc (Hons) Semester II as per UGC Choice Based Credit System (CBCS) | ||
| 942 |
_2ddc _cEN _mCHA _h590 |
||